00520nam a2200193 a 4500001001300000003000900013005001700022008004100039020000900080082001600089100002400105245004100129260002800170300000900198500003500207505004200242650001800284700002400302nice12345678IN_TiNIC20260116012344.0050524s1981 dela grp 000 0 eng  ac5000a491.43bSCH aSchmidt, Ruth Laila aDakhini Urdub History and Structure aDelhibBahri Pub.c1981 a110p aincludes index and biblioraphy2 aReference, Notes, Bibliography, Index aUrdu-Language1 aSchmidt, Ruth Laila